[Event "NRW Class2 1415"]
[Site "Germany"]
[Date "2015.03.01"]
[Round "7.8"]
[White "El Mali, Anas"]
[Black "Van Oosterom, Chiel"]
[Result "0-1"]
[WhiteElo "1798"]
[BlackElo "2414"]
[PlyCount "70"]
[EventDate "2014.09.14"]
[EventType "team-tourn"]
[EventRounds "9"]
[EventCountry "GER"]
[SourceTitle "EXT 2017"]
[Source "ChessBase"]
[SourceDate "2016.10.25"]
[SourceVersion "1"]
[SourceVersionDate "2016.10.25"]
[SourceQuality "1"]
[WhiteTeam "Wuppertal Bahn"]
[BlackTeam "Aachen Aufwaerts II"]
[WhiteTeamCountry "GER"]
[BlackTeamCountry "GER"]

1. d4 f5 2. c4 Nf6 3. g3 g6 4. Bg2 Bg7 5. Nf3 0-0 6. 0-0 d6 7. b3 Na6 8. Bb2 Qe8 9. Qc1 h6 10. Nbd2 g5 11. a3 c6 12. Qc2 Qh5 13. e4 fxe4 14. Nxe4 Bh3 15. Nxf6+ Rxf6 16. Qe4 Bxg2 17. Kxg2 Nc7 18. h3 Raf8 19. Nh2 Re6 20. Qg4 Qg6 21. Rae1 Rxe1 22. Rxe1 Qc2 23. Re2 Qxb3 24. Qd7 Ne8 25. Qxe7 Qxc4 26. Ng4 h5 27. Nh2 Nf6 28. Qe6+ Qxe6 29. Rxe6 Kf7 30. Re3 Nd5 31. Rb3 b5 32. Nf3 Kg6 33. Nd2 Re8 34. Kf3 Bf6 35. Ne4 g4+ 0-1